Odpowiedź zaczyna się na "Ś" - Statystyki

Ogólne statystyki
  • Ten quiz został rozwiązany 43 razy
  • Średni wynik to 17 z 25
Statystyki odpowiedzi
Pytanie Odpowiedź % Poprawnych
Jak brzmi nazwa uroczystości zawarcia małżeństwa? Ślub
95%
Jaka jest nazwa trzeciego dnia tygodnia? Środa
95%
Jak brzmi nazwisko najlepszej (obecnie) polskiej tenisistki? Świątek
95%
Jaka jest nazwa zwierzęcia, od którego pochodzi Wieprzowina? Świnia
95%
Jak nazywa się największe jezioro w Polsce? Śniardwy
92%
Jaka jest nazwa drzewa z rodziny sosnowatych? Świerk
92%
Jaka jest nazwa serialu z Ferdynandem Kiepskim? Świat według Kiepskich
90%
Jaka jest nazwa epoki która trwała w Europie od V do XV wieku? Średniowiecze
87%
Jaka jest nazwa województwa z siedzibą w Kielcach? Świętokrzyskie
87%
Jak się nazywa ryba która występuje w Morzu Bałtyckim, a także często spotykana w sosie pomidorowym? Śledź
85%
Jak się nazywa polskie miasto w którym znajduje się Figura Jezusa Chrystusa Króla Wszechświata? Świebodzin
85%
Jak się nazywa polskie miasto leżące na 44 wyspach? Świnoujście
85%
Jak nazywa się kraina historyczna, położona na terenie Polski, Czech i Niemiec? Śląsk
77%
Jaka jest nazwa jednej z najliczniejszych i najbardziej zróżnicowanych gromad mięczaków? Ślimaki
74%
Jaka jest inna nazwa lanego poniedziałku? Śmigus-dyngus
69%
Jaka jest nazwa dowolnego odcinka o końcach należących do tej figury i przechodzący przez jej środek symetrii? Średnica
67%
Jak nazywa się największe miasto bez kolei pasażerskiej w Polsce? Śrem
59%
Jaka jest nazwa powiatu którego siedzibą jest Środa Śląska lub Środa Wielkopolska? powiat {średzki}
54%
Jak nazywa się najwyższy szczyt Czech? Śnieżka
51%
Jak się nazywa organizacja wyspecjalizowana Organizacji Narodów Zjednoczonych, odpowiedzialna za zdrowie publiczne? Światowa Organizacja Zdrowia
44%
Jak brzmi nazwa rodzajów ssaków z podrodziny afrowiórek w obrębie rodziny wiewiórkowatych? Świstaki
41%
Jaka jest nazwa rzemiosła, w którego zakres wchodzi głównie ręczna obróbka metali na zimno? Ślusarstwo
38%
Jaka jest nazwa rzeki przepływającej m.in. przez Wrocław? Ślęza
33%
Jak się nazywa miasto będące siedzibą powiatu i leżące w województwie kujawsko-pomorskim? Świecie
33%
Jak nazywa się najmniejsze miasto na prawach powiatu w Polsce? Świętochłowice
18%
Nie znaleziono quizów pasujących do podanych kryteriów
Rozkład punktacji
Procent ludzi z każdym wynikiem
Percentyl według liczby udzielonych odpowiedzi
Twoja historia wyników
Nie rozwiązałeś tego quizu